[Event "FIDE World Cup 2021"]
[Site "Krasnaya Polyana (Sochi) RUS"]
[Date "2021.07.15"]
[EventDate "2021.07.12"]
[Round "2.1"]
[Result "0-1"]
[White "Juraj Druska"]
[Black "Van Foreest, Jorden"]
[WhiteElo "2493"]
[BlackElo "2688"]
[PlyCount "94"]

1. e4 c5 2. Nf3 d6 3. Bb5+ Bd7 4. c4 a6 5. Bxd7+ Nxd7 6. d4 cxd4 7. Nxd4
Rc8 8. b3 Ngf6 9. Nd2 g6 10. O-O Bg7 11. Bb2 O-O 12. Qe2 Qa5 13. a3 Rfe8
14. b4 Qh5 15. N2f3 Rc7 16. Rac1 Rec8 17. Nb3 Bh6 18. Rc2 b5 19. Na5 bxc4
20. Bxf6 Nxf6 21. Rd1 Qb5 22. e5 dxe5 23. Nxe5 c3 24. Qxb5 axb5 25. Kf1 e6
26. Ke2 Nd5 27. Ng4 Bg7 28. Ne3 Rd7 29. g3 Nxe3 30. fxe3 Rxd1 31. Kxd1 f5
32. Ke2 Kf7 33. Nb3 Ke7 34. Nc5 h5 35. Ra2 Rd8 36. a4 bxa4 37. Nxa4 Rb8 38.
Nc5 Rxb4 39. Ra7+ Kf6 40. h4 c2 41. Nd7+ Ke7 42. Kd2 Kd6 43. Kxc2 Bh6 44.
Nf6 Bxe3 45. Rg7 Bd4 46. Ne8+ Kd5 47. Nc7+ Ke5 0-1

[Event "FIDE World Cup 2021"]
[Site "Krasnaya Polyana (Sochi) RUS"]
[Date "2021.07.15"]
[EventDate "2021.07.12"]
[Round "2.1"]
[Result "1/2-1/2"]
[White "Kirill Alekseenko"]
[Black "Michal Krasenkow"]
[WhiteElo "2699"]
[BlackElo "2591"]
[PlyCount "60"]

1. e4 e5 2. Nf3 Nf6 3. Nxe5 d6 4. Nf3 Nxe4 5. d4 d5 6. Bd3 Bd6 7. O-O O-O
8. c4 c6 9. Qc2 h6 10. Nc3 Nxc3 11. bxc3 Be6 12. c5 Bc7 13. Ne5 Nd7 14. f4
Nxe5 15. dxe5 f6 16. exf6 Qxf6 17. Be3 Bf5 18. Bd4 Qg6 19. Bxf5 Qxf5 20.
Qxf5 Rxf5 21. Rae1 b6 22. g3 bxc5 23. Bxc5 Bb6 24. Bd4 Rb8 25. Rb1 Rff8 26.
Kg2 Bxd4 27. cxd4 Rb6 28. Rxb6 axb6 29. Rc1 Ra8 30. Rxc6 Rxa2+ 1/2-1/2

[Event "FIDE World Cup 2021"]
[Site "Krasnaya Polyana (Sochi) RUS"]
[Date "2021.07.15"]
[EventDate "2021.07.12"]
[Round "2.1"]
[Result "1-0"]
[White "Ante Brkic"]
[Black "Yuriy Kryvoruchko"]
[WhiteElo "2592"]
[BlackElo "2699"]
[PlyCount "48"]

1. e4 e5 2. Nf3 Nc6 3. Bb5 Nf6 4. d3 Bc5 5. c3 d5 6. exd5 Qxd5 7. Bc4 Qd6
8. b4 Bb6 9. Nbd2 O-O 10. O-O Bf5 11. Qc2 Rad8 12. a4 a5 13. b5 Ne7 14. Qb3
Bc5 15. Nxe5 Qxe5 16. d4 Bxd4 17. cxd4 Qxd4 18. Ba3 Rd7 19. Nf3 Qf4 20.
Rad1 Rd6 21. g3 Qh6 22. Bxd6 cxd6 23. Rxd6 Be4 24. Re1 1-0

[Event "FIDE World Cup 2021"]
[Site "Krasnaya Polyana (Sochi) RUS"]
[Date "2021.07.15"]
[EventDate "2021.07.12"]
[Round "2.1"]
[Result "1/2-1/2"]
[White "Parham Maghsoodloo"]
[Black "Kiril Georgiev"]
[WhiteElo "2698"]
[BlackElo "2594"]
[PlyCount "132"]

1. Nf3 Nf6 2. c4 e6 3. g3 d5 4. Bg2 Be7 5. O-O O-O 6. b3 b6 7. Bb2 Bb7 8.
e3 Nbd7 9. Nc3 Ne4 10. Qe2 c5 11. cxd5 Nxc3 12. dxc3 Bxd5 13. c4 Bc6 14.
Ne5 Nxe5 15. Bxe5 Qc8 16. e4 Rd8 17. h4 Qb7 18. h5 h6 19. Qg4 Bf8 20. Bf6
Rd7 21. Rad1 Kh8 22. Rxd7 Qxd7 23. Rd1 Qc7 24. Bc3 Rd8 25. f4 Kg8 26. Kf2
Rxd1 27. Qxd1 Qb7 28. Ke3 a6 29. g4 b5 30. Bf3 Be7 31. Qa1 Bf8 32. g5 hxg5
33. fxg5 Qb8 34. Qg1 Bd6 35. g6 Be5 36. gxf7+ Kxf7 37. Qg6+ Kf8 38. Qg5
Bxc3 39. Qxc5+ Kf7 40. cxb5 Ba5 41. Qxc6 Qd8 42. Ke2 Qd2+ 43. Kf1 Qd3+ 44.
Kg2 Qxb5 45. Qxb5 axb5 46. Kf2 b4 47. Ke3 Bb6+ 48. Kd3 Bf2 49. Kc4 Be1 50.
Kc5 Kf6 51. Kd6 Bg3+ 52. Kd7 Bf4 53. Be2 e5 54. Bc4 Kg5 55. Bf7 Kf6 56. Be8
Bd2 57. Kd6 Bc3 58. Kd5 Bd2 59. Kc4 Ke7 60. Bg6 Kd6 61. Kb5 Be1 62. Ka4 Kc5
63. a3 Bc3 64. axb4+ Bxb4 65. Bh7 Bc3 66. Ka3 Bb4+ 1/2-1/2

[Event "FIDE World Cup 2021"]
[Site "Krasnaya Polyana (Sochi) RUS"]
[Date "2021.07.15"]
[EventDate "2021.07.12"]
[Round "2.1"]
[Result "1/2-1/2"]
[White "Nodirbek Yakubboev"]
[Black "David Navara"]
[WhiteElo "2598"]
[BlackElo "2675"]
[PlyCount "78"]

1. d4 Nf6 2. c4 e6 3. g3 d5 4. Bg2 Be7 5. Nf3 O-O 6. O-O dxc4 7. Qc2 a6 8.
a4 Bd7 9. Qxc4 Bc6 10. Bf4 Bd6 11. Qc1 Nbd7 12. Nc3 Qe7 13. Re1 Bxf3 14.
Bxf3 Bxf4 15. Qxf4 c6 16. a5 Rad8 17. Bg2 Rfe8 18. Red1 e5 19. dxe5 Nxe5
20. b4 h6 21. Rab1 Ng6 22. Qc4 Ne5 23. Qf4 Ng6 24. Qc4 Ne5 25. Qb3 Rxd1+
26. Rxd1 Rd8 27. Kf1 Rxd1+ 28. Nxd1 Nd5 29. Bxd5 cxd5 30. Qxd5 Nc6 31. b5
axb5 32. Qxb5 Qg5 33. Qxb7 Qd5 34. Qa8+ Kh7 35. Ke1 Qh1+ 36. Kd2 Qd5+ 37.
Ke1 Qh1+ 38. Kd2 Qd5+ 39. Ke1 Qh1+ 1/2-1/2

[Event "FIDE World Cup 2021"]
[Site "Krasnaya Polyana (Sochi) RUS"]
[Date "2021.07.15"]
[EventDate "2021.07.12"]
[Round "2.1"]
[Result "1/2-1/2"]
[White "Baadur Jobava"]
[Black "Sam Shankland"]
[WhiteElo "2603"]
[BlackElo "2709"]
[PlyCount "78"]

1. d4 Nf6 2. c4 e6 3. Nf3 d5 4. Nc3 Bb4 5. e3 O-O 6. Bd3 dxc4 7. Bxc4 c5 8.
O-O cxd4 9. exd4 b6 10. Qe2 Bb7 11. Rd1 h6 12. Bf4 Nc6 13. Bd3 Ne7 14. Be5
Nfd5 15. Rac1 Nxc3 16. bxc3 Bxf3 17. Qxf3 Bd6 18. h4 Rc8 19. h5 Qc7 20.
Bxd6 Qxd6 21. c4 Rfd8 22. Qe4 Kf8 23. Be2 Ng8 24. Qe3 Nf6 25. a4 Rc7 26. a5
Qe7 27. axb6 axb6 28. Rb1 Rc6 29. Rdc1 Rdc8 30. Rb5 Ne8 31. Rcb1 Qc7 32. d5
exd5 33. cxd5 Rc1+ 34. Bf1 Rxb1 35. Rxb1 Nf6 36. Rxb6 Nxd5 37. Qa3+ Qc5 38.
Qxc5+ Rxc5 39. Rb8+ 1/2-1/2

[Event "FIDE World Cup 2021"]
[Site "Krasnaya Polyana (Sochi) RUS"]
[Date "2021.07.15"]
[EventDate "2021.07.12"]
[Round "2.1"]
[Result "1-0"]
[White "Maxim Matlakov"]
[Black "Hjorvar Steinn Gretarsson"]
[WhiteElo "2688"]
[BlackElo "2603"]
[PlyCount "114"]

1. e4 c5 2. Nf3 d6 3. d4 cxd4 4. Nxd4 Nf6 5. Nc3 a6 6. Bg5 e6 7. f4 h6 8.
Bh4 Qb6 9. Qd2 Qxb2 10. Rb1 Qa3 11. e5 dxe5 12. fxe5 Nd5 13. Nxd5 exd5 14.
e6 Bxe6 15. Nxe6 fxe6 16. Bd3 Be7 17. Bxe7 Kxe7 18. c4 Nd7 19. cxd5 Rhf8
20. Rxb7 Rab8 21. Rxb8 Rxb8 22. O-O Qc5+ 23. Kh1 Qxd5 24. Qc3 Qe5 25. Qa3+
Qc5 26. Qxa6 Rb2 27. h3 Rd2 28. Be4 Rd6 29. Qe2 Qe5 30. Qc2 Qb5 31. Rc1 Qg5
32. Rf1 Nc5 33. Bf3 Nd3 34. a4 Qc5 35. Qe2 Rd4 36. Be4 Ne5 37. Qf2 Nd7 38.
Qf7+ Kd6 39. Bf3 Qg5 40. Bg4 Qe7 41. Qf2 e5 42. Qc2 Nc5 43. Rc1 Rd5 44.
Qg6+ Qf6 45. Qe8 Qe7 46. Qa8 e4 47. a5 h5 48. a6 hxg4 49. a7 Qg5 50. Qb8+
Ke7 51. a8=Q Qxc1+ 52. Kh2 Nd7 53. Qd8+ Kd6 54. Qab8+ Ke6 55. Qg8+ Ke7 56.
Qxg7+ Ke6 57. Qe8+ 1-0

[Event "FIDE World Cup 2021"]
[Site "Krasnaya Polyana (Sochi) RUS"]
[Date "2021.07.15"]
[EventDate "2021.07.12"]
[Round "2.1"]
[Result "1/2-1/2"]
[White "Evgeny Alekseev"]
[Black "Radoslaw Wojtaszek"]
[WhiteElo "2605"]
[BlackElo "2691"]
[PlyCount "82"]

1. e4 c5 2. Nf3 d6 3. Bb5+ Nd7 4. d4 cxd4 5. Qxd4 a6 6. Be2 Ngf6 7. O-O e5
8. Qe3 Nc5 9. Nfd2 Be7 10. c4 O-O 11. Nc3 Bd7 12. Nb3 Na4 13. Nxa4 Bxa4 14.
Bd2 Bc6 15. f3 a5 16. Rad1 Qc7 17. Qf2 Rfb8 18. Rc1 Qd8 19. Be3 b5 20. Rfd1
bxc4 21. Bxc4 Bd7 22. Rc2 h6 23. Nc1 Rc8 24. Nd3 Qe8 25. b3 Bc6 26. Nb2 Bf8
27. Qe2 Rcb8 28. Bxf7+ Kxf7 29. Qc4+ d5 30. Qxc6 Qxc6 31. Rxc6 dxe4 32.
fxe4 Nxe4 33. Rd5 Re8 34. Nc4 a4 35. Nb6 Rad8 36. bxa4 Rxd5 37. Nxd5 Rd8
38. Rc4 Rxd5 39. Rxe4 Rd1+ 40. Kf2 Ra1 41. Rxe5 1/2-1/2

[Event "FIDE World Cup 2021"]
[Site "Krasnaya Polyana (Sochi) RUS"]
[Date "2021.07.15"]
[EventDate "2021.07.12"]
[Round "2.1"]
[Result "1-0"]
[White "Alexander Areshchenko"]
[Black "Ivan Ivanisevic"]
[WhiteElo "2687"]
[BlackElo "2606"]
[PlyCount "88"]

1. e4 e5 2. Nf3 Nc6 3. Bc4 Nf6 4. d3 Be7 5. O-O O-O 6. Re1 d6 7. a4 Kh8 8.
h3 Ng8 9. Nc3 f5 10. Nd5 fxe4 11. dxe4 a5 12. c3 Nb8 13. b4 Nd7 14. Ba3
Ndf6 15. bxa5 Rxa5 16. Bf1 Nxd5 17. exd5 Ra8 18. c4 Qe8 19. Bb4 Qf7 20. Ra3
Nh6 21. g3 Bf5 22. Bg2 Bg6 23. Qd2 Nf5 24. a5 h6 25. Bc3 Bf6 26. Qb2 e4 27.
Nd4 Bxd4 28. Bxd4 Rae8 29. Be3 Bh5 30. g4 Nh4 31. Bxh6 Re5 32. Bc1 Bg6 33.
Bh1 Qf6 34. Rae3 Bh7 35. R1e2 Nf3+ 36. Bxf3 exf3 37. Rxe5 fxe2 38. Rxe2 Bd3
39. Qxf6 Rxf6 40. Re7 Kg8 41. Rxc7 Rf7 42. Rc8+ Rf8 43. Rxf8+ Kxf8 44. c5
1-0

[Event "FIDE World Cup 2021"]
[Site "Krasnaya Polyana (Sochi) RUS"]
[Date "2021.07.15"]
[EventDate "2021.07.12"]
[Round "2.1"]
[Result "1/2-1/2"]
[White "Timur Gareyev"]
[Black "Dmitry Jakovenko"]
[WhiteElo "2596"]
[BlackElo "2684"]
[PlyCount "116"]

1. d4 Nf6 2. c4 e6 3. g3 Bb4+ 4. Nd2 d5 5. Bg2 O-O 6. Nf3 b6 7. O-O Bb7 8.
Ne5 Be7 9. Qc2 c5 10. dxc5 Bxc5 11. Ndf3 Nbd7 12. Bg5 Rc8 13. Nxd7 Qxd7 14.
Ne5 Qc7 15. Bxf6 gxf6 16. Ng4 Be7 17. Qc3 Qd8 18. Rad1 b5 19. c5 h5 20. Rd4
f5 21. Nh6+ Kh7 22. Nxf5 exf5 23. Qd3 Bxc5 24. Rf4 Kg7 25. Rxf5 Rh8 26.
Qxb5 Qb6 27. Qd3 Qg6 28. h4 Be7 29. Re1 Bf6 30. Kh2 Rcd8 31. Qf3 d4 32.
Rxf6 Bxf3 33. Rxg6+ fxg6 34. Bxf3 Rhe8 35. Rd1 Rd6 36. Kg2 a5 37. Kf1 Kf6
38. Rd2 Rc8 39. Be4 Rc1+ 40. Kg2 Ke5 41. Bc2 Ra1 42. f4+ Kf6 43. e4 Rb6 44.
e5+ Ke7 45. Bb3 Rb1 46. Rxd4 Rxb2+ 47. Kf3 Rc6 48. Rd3 Rc1 49. Bd5 a4 50.
Ke3 Re1+ 51. Kd4 Ree2 52. Bc4 Red2 53. Rxd2 Rxd2+ 54. Ke3 Rg2 55. Kf3 Rc2
56. Bd5 Rc3+ 57. Kf2 a3 58. Bg8 Rc2+ 1/2-1/2

[Event "FIDE World Cup 2021"]
[Site "Krasnaya Polyana (Sochi) RUS"]
[Date "2021.07.15"]
[EventDate "2021.07.12"]
[Round "2.1"]
[Result "1/2-1/2"]
[White "Alexandr Predke"]
[Black "Vasif Durarbayli"]
[WhiteElo "2683"]
[BlackElo "2625"]
[PlyCount "60"]

1. d4 d5 2. c4 c6 3. Nf3 Nf6 4. e3 e6 5. b3 c5 6. Bb2 cxd4 7. Nxd4 Bb4+ 8.
Nd2 O-O 9. a3 Be7 10. cxd5 Qxd5 11. Qf3 Rd8 12. Rc1 e5 13. Qxd5 Nxd5 14.
N4f3 f6 15. e4 Nb6 16. Nc4 N8d7 17. Nfd2 Nxc4 18. Bxc4+ Kf8 19. Ke2 Nb6 20.
Bd3 Be6 21. Nc4 Nxc4 22. Bxc4 Kf7 23. Bxe6+ Kxe6 24. Rc7 Rac8 25. Rhc1 Rxc7
26. Rxc7 Rd7 27. Rc8 Rd8 28. Rc7 Rd7 29. Rc2 Bd6 30. a4 a6 1/2-1/2

[Event "FIDE World Cup 2021"]
[Site "Krasnaya Polyana (Sochi) RUS"]
[Date "2021.07.15"]
[EventDate "2021.07.12"]
[Round "2.1"]
[Result "0-1"]
[White "Henriquez Villagra, Cristobal"]
[Black "Anton Korobov"]
[WhiteElo "2606"]
[BlackElo "2683"]
[PlyCount "76"]

1. e4 c5 2. Nf3 e6 3. d4 cxd4 4. Nxd4 Nc6 5. Nc3 Qc7 6. Be3 a6 7. g4 b5 8.
Nxc6 dxc6 9. Qf3 Bb4 10. g5 Ne7 11. Bd2 O-O 12. Qg3 e5 13. h4 Be6 14. a3
Bd6 15. h5 a5 16. Nd1 f5 17. gxf6 Rxf6 18. Rg1 Rf7 19. Bh6 Nc8 20. Ne3 Bf8
21. Rd1 Nb6 22. Bh3 Bxh3 23. Qxh3 Kh8 24. Bg5 h6 25. Bh4 Na4 26. Qe6 Nxb2
27. Rd8 Rxd8 28. Bxd8 Qa7 29. Bb6 Qb7 30. Rg6 b4 31. a4 Nxa4 32. Bxa5 Nc3
33. Qxc6 Qa7 34. Qb6 Qa8 35. Rc6 Nxe4 36. Ng4 Ra7 37. Nxe5 Rxa5 38. Nf7+
Kg8 0-1

[Event "FIDE World Cup 2021"]
[Site "Krasnaya Polyana (Sochi) RUS"]
[Date "2021.07.15"]
[EventDate "2021.07.12"]
[Round "2.1"]
[Result "0-1"]
[White "AR Saleh Salem"]
[Black "Aleksandar Indjic"]
[WhiteElo "2682"]
[BlackElo "2607"]
[PlyCount "140"]

1. d4 Nf6 2. c4 e6 3. Nf3 d5 4. g3 Bb4+ 5. Bd2 a5 6. Bg2 O-O 7. O-O dxc4 8.
Bg5 h6 9. Bxf6 Qxf6 10. a3 Bd6 11. Nbd2 b5 12. b3 cxb3 13. Qxb3 Ba6 14. Ne5
Ra7 15. Ne4 Qe7 16. Qe3 Bb7 17. Rfb1 Bxe4 18. Qxe4 Bxe5 19. Qxe5 c6 20. Rc1
Rc8 21. Qe3 Rb7 22. h4 Qd8 23. Qc3 Qb6 24. Rab1 Rbc7 25. Qb2 Nd7 26. e3 Rb8
27. Bf1 Nf6 28. Rc5 Nd5 29. Qc2 Rbc8 30. Bg2 Nf6 31. Qb2 Nd7 32. Rcc1 Rb8
33. Bf1 Rcc8 34. Qd2 Qa7 35. Rc2 Nf6 36. Qc1 Qd7 37. Bg2 Nd5 38. Rc5 Ne7
39. Be4 Rb6 40. Qd2 a4 41. Bc2 Rcb8 42. Qd3 f5 43. e4 Rd8 44. Rb4 Rbb8 45.
h5 Rf8 46. Qe3 Qe8 47. Qe2 Qf7 48. Re5 f4 49. Bb1 fxg3 50. fxg3 Qf3 51.
Qxf3 Rxf3 52. Ba2 Rxg3+ 53. Kh2 Rxa3 54. Bxe6+ Kf8 55. d5 Rd8 56. Rd4 Rf3
57. d6 Nc8 58. Bxc8 Rxc8 59. Rc5 Rf6 60. e5 Re6 61. Rf4+ Kg8 62. Rd4 Rd8
63. Rd3 b4 64. Rd4 Rb8 65. Rxc6 b3 66. Rcc4 b2 67. Rd1 b1=Q 68. Rxb1 Rxb1
69. d7 Rd1 70. Rc8+ Kf7 0-1

[Event "FIDE World Cup 2021"]
[Site "Krasnaya Polyana (Sochi) RUS"]
[Date "2021.07.15"]
[EventDate "2021.07.12"]
[Round "2.1"]
[Result "1-0"]
[White "R Praggnanandhaa"]
[Black "Gabriel Sargissian"]
[WhiteElo "2608"]
[BlackElo "2682"]
[PlyCount "82"]

1. e4 e5 2. Nf3 Nc6 3. d4 exd4 4. Nxd4 Bc5 5. Nb3 Bb6 6. Nc3 Nge7 7. Bg5
O-O 8. Qd2 d6 9. O-O-O Qe8 10. Bb5 f6 11. Be3 Qf7 12. Nd5 Nxd5 13. exd5
Bxe3 14. Qxe3 Ne5 15. f4 Nd7 16. Rhe1 a6 17. Be2 f5 18. Qc3 Nf6 19. Bf3 Ne4
20. Bxe4 fxe4 21. Rxe4 Bf5 22. Rc4 Bg4 23. Rdd4 Rac8 24. Qg3 Bf5 25. Na5 b6
26. Nc6 Rce8 27. Rd1 Bd7 28. b3 b5 29. Rcd4 Bxc6 30. dxc6 Re2 31. R1d2 Rxd2
32. Kxd2 Qh5 33. h3 Qc5 34. Qc3 Qf5 35. Qf3 Qc5 36. Qe4 Qh5 37. Qe6+ Kh8
38. Qe7 Re8 39. Qxc7 Qe2+ 40. Kc3 b4+ 41. Kb2 1-0

[Event "FIDE World Cup 2021"]
[Site "Krasnaya Polyana (Sochi) RUS"]
[Date "2021.07.15"]
[EventDate "2021.07.12"]
[Round "2.1"]
[Result "1/2-1/2"]
[White "Markus Ragger"]
[Black "Kacper Piorun"]
[WhiteElo "2680"]
[BlackElo "2608"]
[PlyCount "132"]

1. e4 e5 2. Nf3 Nc6 3. Bc4 Bc5 4. c3 Nf6 5. d4 exd4 6. e5 d5 7. Bb5 Ne4 8.
cxd4 Bb6 9. Nc3 Bf5 10. Be3 O-O 11. O-O Ne7 12. Bd3 Nxc3 13. bxc3 Qd7 14.
Nh4 Bxd3 15. Qxd3 f6 16. exf6 Rxf6 17. Bg5 Rf7 18. Bxe7 Rxe7 19. Nf3 Rf8
20. a4 c6 21. Rae1 Bc7 22. Ne5 Bxe5 23. dxe5 Rf4 24. a5 Qf5 25. Qe3 Re4 26.
Qxa7 R4xe5 27. Qb8+ Kf7 28. Re3 Qe6 29. h4 h5 30. Rfe1 Re4 31. Rxe4 dxe4
32. Rb1 e3 33. Qf4+ Kg8 34. fxe3 Qxe3+ 35. Qxe3 Rxe3 36. Rxb7 Rxc3 37. a6
Ra3 38. a7 Kh7 39. Rc7 c5 40. Rxc5 Rxa7 41. Rxh5+ Kg6 42. Rg5+ Kf6 43. Kh2
g6 44. Rb5 Ra4 45. Kh3 Ra3+ 46. g3 Ra7 47. Rb6+ Kg7 48. Re6 Kf7 49. Re4 Kf6
50. Kg4 Ra5 51. Rb4 Kg7 52. Kf4 Kh6 53. Rb7 Ra4+ 54. Kf3 Ra3+ 55. Kg4 Ra4+
56. Kh3 Ra3 57. Re7 Rb3 58. Kg4 Rb4+ 59. Kf3 Rb3+ 60. Kf4 Rb4+ 61. Re4
Rxe4+ 62. Kxe4 g5 63. h5 g4 64. Kf5 Kxh5 65. Kf4 Kh6 66. Kxg4 Kg6 1/2-1/2

[Event "FIDE World Cup 2021"]
[Site "Krasnaya Polyana (Sochi) RUS"]
[Date "2021.07.15"]
[EventDate "2021.07.12"]
[Round "2.1"]
[Result "0-1"]
[White "Ravi Haria"]
[Black "Etienne Bacrot"]
[WhiteElo "2440"]
[BlackElo "2678"]
[PlyCount "68"]

1. e4 c5 2. Nf3 d6 3. Bb5+ Bd7 4. Bxd7+ Qxd7 5. c4 Nf6 6. Nc3 g6 7. d4 cxd4
8. Nxd4 Bg7 9. f3 Qc7 10. b3 Qa5 11. Bd2 O-O 12. Nd5 Qd8 13. Be3 e6 14.
Nxf6+ Bxf6 15. O-O d5 16. exd5 exd5 17. Rc1 Re8 18. Bf2 dxc4 19. Rxc4 Qa5
20. a4 a6 21. Qc2 Nd7 22. b4 Qh5 23. Nb3 b5 24. axb5 axb5 25. Re4 Be5 26.
h3 Nf6 27. Rh4 Rac8 28. Nc5 Qg5 29. Qd3 Rcd8 30. Qxb5 Bg3 31. Qc4 Bxf2+ 32.
Rxf2 Re1+ 33. Rf1 Rxf1+ 34. Kxf1 Rd1+ 0-1

[Event "FIDE World Cup 2021"]
[Site "Krasnaya Polyana (Sochi) RUS"]
[Date "2021.07.15"]
[EventDate "2021.07.12"]
[Round "2.1"]
[Result "1/2-1/2"]
[White "M Amin Tabatabaei"]
[Black "Ferenc Berkes"]
[WhiteElo "2613"]
[BlackElo "2673"]
[PlyCount "62"]

1. e4 d6 2. d4 Nf6 3. Nc3 e5 4. Nge2 Be7 5. h3 exd4 6. Qxd4 Nc6 7. Qd2 Be6
8. Nf4 Qd7 9. b3 O-O-O 10. Nfd5 Rhe8 11. Be2 Bf8 12. a3 Ne7 13. Nxf6 gxf6
14. Bb2 d5 15. O-O-O d4 16. Nb5 Nc6 17. Nxd4 Bxa3 18. Bxa3 Nxd4 19. Bb2
Nxe2+ 20. Qxe2 Qc6 21. Rxd8+ Rxd8 22. Rd1 Rxd1+ 23. Kxd1 f5 24. exf5 Bxf5
25. f3 a5 26. Kc1 b6 27. Qd2 Kb7 28. Bc3 Be6 29. Qd4 Qd5 30. Qxd5+ Bxd5 31.
Kd2 c5 1/2-1/2

[Event "FIDE World Cup 2021"]
[Site "Krasnaya Polyana (Sochi) RUS"]
[Date "2021.07.15"]
[EventDate "2021.07.12"]
[Round "2.1"]
[Result "0-1"]
[White "Anton Guijarro, David"]
[Black "Pouya Idani"]
[WhiteElo "2673"]
[BlackElo "2614"]
[PlyCount "68"]

1. d4 d5 2. c4 e6 3. Nf3 Nf6 4. Nc3 c5 5. cxd5 exd5 6. g3 Nc6 7. Bg2 cxd4
8. Nxd4 Bc5 9. Nxc6 bxc6 10. O-O O-O 11. Na4 Bb6 12. Nxb6 axb6 13. b4 Qe7
14. Qc2 Qxb4 15. Qxc6 Bd7 16. Qc2 Rac8 17. Qb2 Qxb2 18. Bxb2 Rc2 19. Bxf6
gxf6 20. Rfb1 Be6 21. a4 Ra8 22. e4 d4 23. e5 Rd8 24. exf6 d3 25. Bf3 d2
26. Bd1 Rc6 27. Rb2 Rd7 28. Kg2 Rc1 29. Rxb6 Rb7 30. Rd6 Rb8 31. Ra3 Rxd1
32. a5 h5 33. Kf3 Bg4+ 34. Kf4 Rb5 0-1

[Event "FIDE World Cup 2021"]
[Site "Krasnaya Polyana (Sochi) RUS"]
[Date "2021.07.15"]
[EventDate "2021.07.12"]
[Round "2.1"]
[Result "1/2-1/2"]
[White "Varuzhan Akobian"]
[Black "Nils Grandelius"]
[WhiteElo "2614"]
[BlackElo "2661"]
[PlyCount "68"]

1. d4 Nf6 2. c4 g6 3. Nc3 d5 4. Nf3 Bg7 5. cxd5 Nxd5 6. e4 Nxc3 7. bxc3 c5
8. Bb5+ Nc6 9. Rb1 O-O 10. d5 Ne5 11. Nxe5 Bxe5 12. O-O Bxc3 13. Be3 b6 14.
Qc2 Bg7 15. Bc6 Rb8 16. Bf4 e5 17. dxe6 Bxe6 18. Bxb8 Qxb8 19. f4 Qd6 20.
Bb5 a6 21. Bxa6 Ra8 22. Qe2 b5 23. Bxb5 Rxa2 24. Qd3 Qxd3 25. Bxd3 Bd4+ 26.
Kh1 c4 27. Rb4 Bc5 28. Rxc4 Bxc4 29. Bxc4 Rf2 30. Rxf2 Bxf2 31. g3 Kg7 32.
Kg2 Bd4 33. e5 h5 34. Kf3 1/2-1/2

[Event "FIDE World Cup 2021"]
[Site "Krasnaya Polyana (Sochi) RUS"]
[Date "2021.07.15"]
[EventDate "2021.07.12"]
[Round "2.1"]
[Result "1/2-1/2"]
[White "Matthias Bluebaum"]
[Black "Viktor Erdos"]
[WhiteElo "2669"]
[BlackElo "2614"]
[PlyCount "172"]

1. d4 Nf6 2. c4 g6 3. Nc3 d5 4. cxd5 Nxd5 5. Bd2 Bg7 6. e4 Nxc3 7. Bxc3 O-O
8. Qd2 Nd7 9. Nf3 b6 10. Bd3 Bb7 11. b4 a5 12. bxa5 c5 13. d5 Bxc3 14. Qxc3
Rxa5 15. a4 Ba6 16. Bxa6 Rxa6 17. O-O Qa8 18. Qc4 Rb8 19. e5 b5 20. Qh4 Nf8
21. Qxe7 Qxd5 22. axb5 Rxa1 23. Rxa1 Rxb5 24. h4 Qb7 25. Qxb7 Rxb7 26. Ng5
Re7 27. f4 Ne6 28. Ra8+ Kg7 29. Nxe6+ Rxe6 30. Rc8 Rb6 31. Rxc5 Rb4 32. g3
Rb1+ 33. Kf2 Rb2+ 34. Ke1 h5 35. Rd5 Rg2 36. Rd3 Kf8 37. Kf1 Ra2 38. Re3
Ke7 39. Re2 Ra3 40. Kf2 Ke6 41. Re3 Ra1 42. Rd3 Ke7 43. Kf3 Rf1+ 44. Ke4
Re1+ 45. Re3 Ra1 46. Rb3 Re1+ 47. Kf3 Rf1+ 48. Kg2 Ra1 49. Rb7+ Kf8 50. Rb3
Ke7 51. Kf2 Rc1 52. Rb7+ Kf8 53. Rd7 Ra1 54. Rd6 Ra2+ 55. Ke3 Ra3+ 56. Rd3
Ra4 57. Rc3 Ke7 58. Kf3 Ra1 59. Rc6 Ra3+ 60. Kg2 Ra2+ 61. Kh3 Rf2 62. Rf6
Re2 63. Ra6 Rf2 64. Rb6 Re2 65. Rb3 Rf2 66. Rd3 Kf8 67. Rd1 Ke7 68. Rg1 f6
69. Rg2 Rf1 70. Ra2 fxe5 71. Ra7+ Kf6 72. Ra6+ Kf7 73. fxe5 Rf5 74. Ra7+
Kf8 75. Ra5 Kf7 76. Kg2 Ke6 77. Ra6+ Kf7 78. Ra7+ Kf8 79. Ra5 Kf7 80. g4
Rf4 81. gxh5 gxh5 82. Kg3 Rg4+ 83. Kh3 Ke6 84. Ra6+ Kxe5 85. Rh6 Rg1 86.
Rxh5+ Kf6 1/2-1/2

[Event "FIDE World Cup 2021"]
[Site "Krasnaya Polyana (Sochi) RUS"]
[Date "2021.07.15"]
[EventDate "2021.07.12"]
[Round "2.1"]
[Result "1-0"]
[White "Rasmus Svane"]
[Black "Ivan Cheparinov"]
[WhiteElo "2615"]
[BlackElo "2667"]
[PlyCount "88"]

1. e4 c5 2. Nf3 d6 3. Bb5+ Nd7 4. d4 cxd4 5. Qxd4 a6 6. Bxd7+ Qxd7 7. Nc3
e5 8. Qb6 Qc6 9. Nd5 Qxb6 10. Nxb6 Rb8 11. Be3 Nf6 12. Nd2 Be6 13. c4 Be7
14. f3 Nd7 15. Nd5 Bd8 16. Ke2 g6 17. a4 f5 18. a5 h5 19. b4 Nf6 20. Rhb1
fxe4 21. Nxf6+ Bxf6 22. fxe4 Rc8 23. Kd3 Rh7 24. b5 Bd8 25. bxa6 bxa6 26.
Rb6 Bxb6 27. axb6 Ra8 28. Nb3 Rf7 29. Na5 Bc8 30. Rd1 Rd7 31. Rf1 Rf7 32.
Rd1 Rd7 33. h4 Rb8 34. Nc6 Ra8 35. Na5 Rb8 36. Kc3 Bb7 37. Nxb7 Rbxb7 38.
Kb4 Rb8 39. Ka5 Rc8 40. c5 dxc5 41. Rxd7 Kxd7 42. b7 Re8 43. Kb6 c4 44. Bd2
1-0

[Event "FIDE World Cup 2021"]
[Site "Krasnaya Polyana (Sochi) RUS"]
[Date "2021.07.15"]
[EventDate "2021.07.12"]
[Round "2.1"]
[Result "1-0"]
[White "Vladimir Malakhov"]
[Black "Daniele Vocaturo"]
[WhiteElo "2666"]
[BlackElo "2617"]
[PlyCount "64"]

1. Nf3 Nf6 2. g3 g6 3. Bg2 Bg7 4. c4 O-O 5. d4 d5 6. cxd5 Nxd5 7. O-O Nc6
8. Nc3 e5 9. Nxd5 e4 10. Ne5 Qxd5 11. Nxc6 Qxc6 12. Bf4 Qb6 13. e3 f5 14.
b4 Be6 15. Qc2 c6 16. Rab1 Qd8 17. g4 g5 18. Be5 Bxe5 19. dxe5 Qd5 20. gxf5
Bxf5 21. b5 c5 22. Rfd1 Qxe5 23. Qc4+ Be6 24. Qxe4 Qf6 25. Qxb7 Bxa2 26.
Be4 Qxf2+ 27. Kh1 Qh4 28. Rd7 Qh6 29. Rxh7 Qf6 30. Rg1 Rfb8 31. Rxg5+ Kf8
32. Rf5 1-0

[Event "FIDE World Cup 2021"]
[Site "Krasnaya Polyana (Sochi) RUS"]
[Date "2021.07.15"]
[EventDate "2021.07.12"]
[Round "2.1"]
[Result "1/2-1/2"]
[White "Shant Sargsyan"]
[Black "Nijat Abasov"]
[WhiteElo "2626"]
[BlackElo "2656"]
[PlyCount "70"]

1. d4 d5 2. c4 dxc4 3. Nf3 Nf6 4. e3 e6 5. Bxc4 c5 6. O-O a6 7. dxc5 Bxc5
8. Qxd8+ Kxd8 9. b3 Ke7 10. Bb2 Rd8 11. Be2 Bd7 12. Rc1 b6 13. Ne5 Ra7 14.
a4 Rc7 15. a5 Rcc8 16. h3 Bb4 17. axb6 Rxc1+ 18. Bxc1 Bb5 19. Bxb5 Rd1+ 20.
Bf1 Rxc1 21. Nd3 Bc3 22. Nxc1 Bxa1 23. Nd3 Kd6 24. Na3 Nfd7 25. Nc4+ Kc6
26. Be2 Nxb6 27. Nde5+ Bxe5 28. Nxe5+ Kc5 29. Nxf7 Kb4 30. Bd1 N8d7 31. Nd8
Nc5 32. Nc6+ Kc3 33. Na5 Kb4 34. Nc6+ Kc3 35. Na5 Kb4 1/2-1/2

[Event "FIDE World Cup 2021"]
[Site "Krasnaya Polyana (Sochi) RUS"]
[Date "2021.07.15"]
[EventDate "2021.07.12"]
[Round "2.1"]
[Result "1/2-1/2"]
[White "Sarin Nihal"]
[Black "Sanan Sjugirov"]
[WhiteElo "2620"]
[BlackElo "2661"]
[PlyCount "60"]

1. d4 Nf6 2. c4 e6 3. Nc3 d5 4. cxd5 exd5 5. Bg5 c6 6. e3 Be7 7. Bd3 Nbd7
8. Nge2 Nf8 9. O-O Ne6 10. Bh4 O-O 11. f3 b6 12. Qc2 g6 13. Rad1 Bb7 14.
Kh1 Nh5 15. Bf2 f5 16. e4 fxe4 17. fxe4 Nhf4 18. Nxf4 Nxf4 19. exd5 Nxd3
20. Qxd3 cxd5 21. Bg3 Qd7 22. Be5 Rxf1+ 23. Rxf1 Rf8 24. Kg1 Bc6 25. h3 Qb7
26. Rxf8+ Bxf8 27. Qf1 Qf7 28. Qa6 Qb7 29. Qf1 Qf7 30. Qa6 Qb7 1/2-1/2

[Event "FIDE World Cup 2021"]
[Site "Krasnaya Polyana (Sochi) RUS"]
[Date "2021.07.15"]
[EventDate "2021.07.12"]
[Round "2.1"]
[Result "1-0"]
[White "Baskaran Adhiban"]
[Black "Delgado Ramirez, Neuris"]
[WhiteElo "2660"]
[BlackElo "2622"]
[PlyCount "44"]

1. d4 Nf6 2. c4 e6 3. Nc3 Bb4 4. f3 d5 5. a3 Bxc3+ 6. bxc3 c6 7. e4 dxe4 8.
fxe4 e5 9. Nf3 Qa5 10. Bd2 Nxe4 11. Bd3 Nxd2 12. Qxd2 exd4 13. O-O O-O 14.
Ng5 f5 15. c5 Kh8 16. Qe2 Nd7 17. Nxh7 dxc3 18. Qh5 Qxc5+ 19. Kh1 Kg8 20.
Bxf5 Qd5 21. Ng5 Nf6 22. Qh7+ 1-0